000 01782nam0a2200397 4500
001 RU\NLR\bibl\1746099
005 20260405230922.0
010 _a978-5-91137-126-5
_9100
021 _aRU
_b2011-11377
_9816
035 _a(nilc)RSL-KNO-004896824
035 _a(NLR Aleph) 001736994
090 _a1435368
_c1435368
100 _a20110228d2010 |||y0rusy50 ca
101 0 _arus
102 _aRU
105 _aa |||||||||
200 1 _aОбразование и преобразование циркона в полиметаморфических комплексах
_dFormation and recrystallization of zircons in polymetamorphic complexes
_fТ. В. Каулина
_gРоссийская акад. наук, Кольский науч. центр, Геологический ин-т
_zeng
210 _aАпатиты
_cРоссийская академия наук
_d2010
215 _a144 с.
_cил.
_d26
300 _aАвт. также на англ. яз.: T.V. Kaulina
320 _aБиблиогр.: с. 116-140
510 0 _6z22790
_aFormation and recrystallization of zircons in polymetamorphic complexes
_zeng
606 1 _aЦирконы метаморфических горных пород
_92626919
_3RU\NLR\auth\661563479
686 _aД332.681.01-0,0
_2rubbk
686 _aД339Циркон
686 _aД347-42
700 1 _4070
_7ca
_8rus
_aКаулина
_bТ. В.
_gТатьяна Владимировна
_987801
_3RU\NLR\auth\77104876
790 1 _4070
_7ba
_8rus
_aKaulina
_bT. V.
_gTat'jana Vladimirovna
_987802
_3RU\NLR\auth\77104877
801 0 _aRU
_bRuMoRKP
_c20110228
_grcr
801 1 _aRU
_bRuMoRGB
_c20110228
801 2 _aRU
_bNLR
_c20110314
_grcr
830 _aавт. по кн.
942 _cBOOK
980 _aNB
980 _aNBR